000 00287nam a22001337a 4500
008 170322b xxu||||| |||| 00| 0 eng d
020 _a9780534365820
041 _aeng
080 _a616.8
100 _a7
101 _aSHM
245 _aBRAIN AND BEHAVIOUR
_cGARRET, B
942 _2udc
_cBK
999 _c8372
_d8372